Más allá del bloqueador : (Registro nro. 29509)

Detalles MARC
000 -LEADER
fixed length control field 01943nam a2200241 a 4500
005 - DATE AND TIME OF LATEST TRANSACTION
control field 20250405174607.0
008 - FIXED-LENGTH DATA ELEMENTS--GENERAL INFORMATION
fixed length control field 161103s2024 000 0 eng d
040 ## - CATALOGING SOURCE
Original cataloging agency CO-CtgCURN
Language of cataloging spa
Transcribing agency coctgcurn
082 0# - DEWEY DECIMAL CLASSIFICATION NUMBER
Classification number EST 2024
Item number A474
100 1# - MAIN ENTRY--PERSONAL NAME
Personal name Alvear Barros, Danna Carolina.
245 10 - TITLE STATEMENT
Title Más allá del bloqueador :
Remainder of title Otras formas de protección solar /
Statement of responsibility, etc. Danna Carolina Alvear Barros.
260 ## - PUBLICATION, DISTRIBUTION, ETC.
Place of publication, distribution, etc. Cartagena de Indias, D.T. :
Name of publisher, distributor, etc. Corporación Universitaria "Rafael Nuñez",
Date of publication, distribution, etc. 2024.
300 ## - PHYSICAL DESCRIPTION
Extent 1 hojas :
Other physical details Infografía.
336 ## - CONTENT TYPE
Source rdacontent
337 ## - MEDIA TYPE
Source rdamedia
Media type term sin mediacion
Media type code n
338 ## - CARRIER TYPE
Source rdacarrier
Carrier type term volumen
Carrier type code nc
502 ## - DISSERTATION NOTE
Dissertation note Trabajo de grado (Tecnología en Estética y cosmetología). Corporación Universitaria "Rafael Nuñez" Facultad de Ciencias de la Salud. Programa de Tecnología en Estética y cosmetología, 2024.
520 ## - SUMMARY, ETC.
Summary, etc. La sobre exposición a la luz ultravioleta proveniente del sol daña la piel y puede causar quemaduras, envejecimiento prematuro de la piel y cáncer. Los ingredientes de los protectores solares Reducen el daño a la piel y aunque son aceptados por organismos de protección a la salud, tienen riesgos que no han sido estudiados A fondo. Es necesario difundir la información disponible sobre la Seguridad y riesgos de estos ingredientes, las concentraciones Y frecuencia de uso recomendadas. Los efectos adversos del Protector solar pueden ser mitigados, en cierta medida, por la adición de antioxidantes e inhibidores de radicales libres, mediante el encapsulamiento de los ingredientes activos y uso de protección solar no tópica.
650 #0 - SUBJECT ADDED ENTRY--TOPICAL TERM
Topical term or geographic name entry element Estética y cosmetología
General subdivision Tesis y Disertaciones academicas.
856 7# - ELECTRONIC LOCATION AND ACCESS
Uniform Resource Identifier <a href="https://unicurn.sharepoint.com/:i:/s/biblioteca/EVQ0wjiIS8VMgUcFNI0oa9gBNY4tm0A2BoA2ybtw7fAkeQ?e=D3E918">https://unicurn.sharepoint.com/:i:/s/biblioteca/EVQ0wjiIS8VMgUcFNI0oa9gBNY4tm0A2BoA2ybtw7fAkeQ?e=D3E918</a>
Public note Clic aqui para ver el texto completo
942 ## - ADDED ENTRY ELEMENTS (KOHA)
Classification part EST 2024
Item part A474
Source of classification or shelving scheme Dewey Decimal Classification
Koha item type Trabajos de grado
Existencias
Withdrawn status Lost status Damaged status Not for loan Collection Home library Current library Shelving location Date acquired Cost, normal purchase price Inventory number Total checkouts Full call number Barcode Date last seen Price effective from Koha item type
        Trabajos de grado Miguel Henríquez Emiliani Miguel Henríquez Emiliani Trabajo de grado 09/23/2018 35000.00 025445   EST 2024 A474 025445 04/05/2025 04/05/2025 Trabajos de grado